Seminario: las reformas del proceso penal

Saved in:
Bibliografiske detaljer
Format: Bog
Sprog:spansk
Udgivet: Santiago Colegio de Abogados de Chile 2000
Fag:
Tags: Tilføj Tag
Ingen Tags, Vær først til at tagge denne postø!

MARC

LEADER 00000nam a2200000 a 4500
001 UCN3364
003 CL-VaPUC
005 20230411074546.0
008 010622e20000000cl 1 spa d
082 0 4 |a 345.01  |b SEM  |2 21 
245 1 0 |a Seminario: las reformas del proceso penal 
246 1 0 |a Nuevos tribunales en lo penal y Ministerio Público 
246 1 3 |a La etapa de investigación en el nuevo proceso penal 
246 1 0 |a Formas alternativas de solución del conflicto penal 
246 1 0 |a Preparación del juicio oral y juicio oral 
246 1 4 |a Los recursos en el nuevo proceso penal 
260 |a Santiago  |b Colegio de Abogados de Chile  |c 2000 
300 |a 119 p 
583 |a last modification  |c 20010622 00:00:00  |k Rodrigo Vera 
650 0 0 |a Tribunales  |9 254872 
650 0 0 |a Ministerio público  |9 332891 
650 0 0 |a Procedimiento penal  |9 254974 
650 0 0 |a Investigación  |9 257811 
650 0 0 |a Juicio oral  |9 455093 
942 |c BK 
945 |a vberengu  |d 20010622 00:00:00 
546 |a En Español 
536 |a Colegio de Abogados de Chile 
518 |p Las Reformas del Proceso Penal, Santiago, 11-12 de octubre de 2000 
999 |c 383664  |d 383662 
952 |0 0  |1 0  |2 ddc  |4 0  |6 345_010000000000000_SEM_2000  |7 0  |8 A  |9 505868  |a BIBDER  |b BIBDER  |d 2020-01-23  |i 3734773  |o 345.01 SEM 2000  |p 3734773  |r 2023-01-25  |w 2020-01-23  |y MX  |k DER 
952 |0 0  |1 0  |2 ddc  |4 0  |6 345_010000000000000_SEM_2000  |7 0  |8 A  |9 505869  |a BIBDER  |b BIBDER  |d 2020-01-23  |i 3734781  |o 345.01 SEM 2000  |p 3734781  |r 2023-01-25  |w 2020-01-23  |y MX  |k DER